Country by Population Range Quiz Stats

 Plays Quiz Updated Jul 2, 2018

Challenge
Share
Tweet
Embed
Score 0/39 Timer 15:00
2 Plays Today
Population range Countries % Correct
1,343,239,923-199,321,413China, India, United States, Indonesia, Brazil
99.9%
190,291,129-127,368,088Pakistan, Nigeria, Bangladesh, Russia, Japan
95.5%
114,975,406-83,688,164Mexico, Philippines, Vietnam, Ethiopia, Egypt
89.1%
65,630,692-48,860,500France, United Kingdom, Italy, Myanmar, South Korea
84.2%
81,305,856-67,091,089Germany, Turkey, Iran, Democratic Republic of the Congo, Thailand
80.3%
43,013,341-34,300,083Kenya, Argentina, Poland, Algeria, Canada
73.2%
48,810,427-44,854,065South Africa, Spain, Tanzania, Colombia, Ukraine
67.4%
34,206,710-30,419,928Sudan, Uganda, Morocco, Iraq, Afghanistan
66.8%
36,713-836Liechtenstein, San Marino, Monaco, Palau, Tuvalu, Nauru, Vatican City
58.6%
29,890,686-28,047,938Nepal, Peru, Malaysia, Uzbekistan, Venezuela
53.3%
23,234,936-21,952,093Taiwan, Syria, Australia, Madagascar, Cote d'Ivoire
51%
26,534,504-23,515,934Saudi Arabia, Yemen, Ghana, North Korea, Mozambique
46.2%
21,848,504-17,522,010Romania, Sri Lanka, Cameroon, Angola, Kazakhstan
45.4%
89,018-50,726Antigua and Barbuda, Andorra, Dominica, Marshall Islands, Saint Kitts and Nevis
42.2%
10,884,958-10,625,176Guinea, Portugal, Greece, Tunisia, South Sudan
40.1%
12,969,606-10,975,648Senegal, Zimbabwe, Rwanda, Cuba, Chad
39.5%
10,085,638-9,598,787Somalia, Hungary, Haiti, Belarus, Benin
38.5%
17,275,115-16,323,044Burkina Faso, Chile, Netherlands, Niger, Malawi
38.3%
9,493,600-7,995,655Azerbaijan, Sweden, Honduras, Austria, Switzerland
36.2%
5,485,998-5,262,930Sierra Leone, Slovakia, Singapore, United Arab Emirates, Finland
34.5%
Population range Countries % Correct
106,487-90,024Micronesia, Tonga, Saint Vincent and the Grenadines, Kiribati, Seychelles
34.3%
10,557,259-10,088,598Burundi, Belgium, Bolivia, Czechia, Dominican Republic
34.1%
7,768,385-6,961,049Tajikistan, Israel, Serbia, Bulgaria, Togo
33.7%
15,494,466-13,817,479Mali, Ecuador, Cambodia, Guatemala, Zambia
33.2%
4,570,934-4,327,944Georgia, Croatia, Republic of the Congo, Palestine, New Zealand
32.6%
394,451-287,733Maldives, Belize, The Bahamas, Iceland, Barbados
32.1%
6,086,495-5,496,737Eritrea, Nicaragua, Libya, Denmark, Kyrgyzstan, Lebanon
31.3%
6,585,266-6,090,646Laos, Paraguay, Jordan, Papua New Guinea, El Salvador
29.3%
560,157-408,786Suriname, Cabo Verde, Luxembourg, Malta, Brunei
29%
5,057,208-4,636,348Central African Republic, Turkmenistan, Ireland, Norway, Costa Rica
28.7%
3,002,859-2,191,580Albania, Armenia, Jamaica, Kuwait, Latvia
28.6%
256,155-109,011Vanuatu, Samoa, Sao Tome and Principe, Saint Lucia, Grenada
28.4%
1,386,914-1,226,383eSwatini, Mauritius, Estonia, Bahrain, Trinidad and Tobago
28%
737,284-584,578Comoros, Bhutan, Equatorial Guinea, Montenegro, Solomon Islands
28%
3,510,045-3,090,150Panama, Mauritania, Uruguay, Mongolia, Oman
27.1%
4,140,289-3,525,761Lebanon, Liberia, Bosnia and Herzegovina, Moldova, Lithuania
25.7%
1,143,667-741,908Timor-Leste, Cyprus, Fiji, Djibouti, Guyana
24.9%
2,165,828-1,951,591Namibia, Botswana, Macedonia, Slovenia, Qatar
24.2%
1,930,493-1,608,321Lesotho, The Gambia, Kosovo, Guinea-Bissau, Gabon
23.6%

You're not logged in!

Compare scores with friends on all Sporcle quizzes.
Join for Free
OR
Log In

You Might Also Like...

Show Comments

Extras

Top Quizzes Today


Score Distribution

Your Account Isn't Verified!

In order to create a playlist on Sporcle, you need to verify the email address you used during registration. Go to your Sporcle Settings to finish the process.

Report this User

Report this user for behavior that violates our Community Guidelines.

Details: